Các luật và nghị quyết của quốc hội thông qua tại kỳ họp thứ 9, khoá XI từ ngày 16-5 đến 29-6-2006.
Đã lưu trong:
| Format: | Bog |
|---|---|
| Sprog: | Vietnamese |
| Udgivet: |
Lao động - xã hội
2006
|
| Tags: |
Tilføj Tag
Ingen Tags, Vær først til at tagge denne postø!
|
| Thư viện lưu trữ: | Mạng thư viện Đại học Đà Nẵng |
|---|
| LEADER | 00680nam a2200241 4500 | ||
|---|---|---|---|
| 001 | 000020565 | ||
| 003 | 17011 | ||
| 005 | 20150323100348.0 | ||
| 008 | 150323s2006 viesd | ||
| 020 | |c 100000 | ||
| 041 | 0 | |a vie | |
| 082 | 1 | 4 | |a 342.59705 |b Lu-N |
| 245 | 1 | 0 | |a Các luật và nghị quyết của quốc hội thông qua tại kỳ họp thứ 9, khoá XI từ ngày 16-5 đến 29-6-2006. |
| 260 | |b Lao động - xã hội |c 2006 | ||
| 300 | |a tr. |c cm. | ||
| OWN | |a LSP | ||
| 999 | |a From the UDN01 | ||
| TYP | |a Monograph | ||
| TYP | |a Printed language | ||
| 980 | |a Mạng thư viện Đại học Đà Nẵng | ||